Historiam ecclesiasticam suplementum duas in partes distributum in quarum prima opem ferentibus viris eruditissimis aliquot Tridentini Concilii decreta illustrantur et vindicantur: in altera dissertationibus historicis res ecclesiae et imperii saeculorum XVII & XVIII quae in ea historia desiderantur, recensentur et ad nostra usque tempora perducuntur

Detalles Bibliográficos
Autor principal: Alexandre, Nöel 1639-1724
Formato: Libro
Lenguaje:Latin
Publicado: Bassani, sed prostant Venetiis apud Remondini 1778
Materias:
Colección:Banco de datos
Acervo:Biblioteca de la Congregación del Oratorio de San Felipe Neri de México. Iglesia La Profesa
Descripción Física:2 t. f°
Tema general:Historia eclesiástica
Notas:Portada tipográfica a dos tintas con viñeta y pleca en grabado xilográfico. Título de la anteportada: Ad R. P. Natalis Alexandri Ord. Praed. historiam ecclesiasticam supplementum. Texto a dos columnas con apostillas marginales. Incluyen cabeceras de título en grabado xilográfico. Incluyen capitulares en grabado xilográfico. Cada tomo con portada y numeración propias. Año d e los t. 1-2 publicados en 1778. Paginación: t. 1 XXIV, 175 p.; t. 2 VIII, 311 p. Encuadernación en pergamino sobre cartón. Sello en tinta del Oratorio de San Felipe Neri de México. Biblioteca La Profesa, D.F. Daños de humedad
LEADER 01690nam a22001930004500
035 |a 3646 
041 0 |a lat 
100 1 |a Alexandre, Nöel  |d 1639-1724 
245 1 0 |a Historiam ecclesiasticam suplementum duas in partes distributum in quarum prima opem ferentibus viris eruditissimis aliquot Tridentini Concilii decreta illustrantur et vindicantur: in altera dissertationibus historicis res ecclesiae et imperii saeculorum XVII & XVIII quae in ea historia desiderantur, recensentur et ad nostra usque tempora perducuntur  |c ad R. P. Natalis Alexandri Ord. Praed.  
260 |a Bassani, sed prostant Venetiis apud Remondini  |b s.n.  |c 1778 
300 |a 2 t.  |c f° 
500 |a Portada tipográfica a dos tintas con viñeta y pleca en grabado xilográfico. Título de la anteportada: Ad R. P. Natalis Alexandri Ord. Praed. historiam ecclesiasticam supplementum. Texto a dos columnas con apostillas marginales. Incluyen cabeceras de título en grabado xilográfico. Incluyen capitulares en grabado xilográfico. Cada tomo con portada y numeración propias. Año d e los t. 1-2 publicados en 1778. Paginación: t. 1 XXIV, 175 p.; t. 2 VIII, 311 p. Encuadernación en pergamino sobre cartón. Sello en tinta del Oratorio de San Felipe Neri de México. Biblioteca La Profesa, D.F. Daños de humedad 
504 |a Índice de disertaciones, capítulos y parágrafos 
505 0 0 |a t. 1 Supplementi partem primam.-- t. 2 Continens supplementi partem secundam 
650 1 0 |a Historia eclesiástica 
949 |a Iglesia La Profesa, Biblioteca t. 1 (8010); t. 2 (8010) 
942 |c PROFESA 
943 |g Biblioteca de la Congregación del Oratorio de San Felipe Neri de México. Iglesia La Profesa 
999 |c 950457  |d 950457